[Event "Wachtebeke Seniors op"]
[Site "Wachtebeke"]
[Date "2024.02.12"]
[Round "1"]
[White "Van Houtte, Filip"]
[Black "Krijgelmans, Johan"]
[Result "0-1"]
[WhiteElo "1710"]
[BlackElo "2052"]
[PlyCount "57"]
[EventDate "2024.02.12"]
[EventType "swiss"]
[EventRounds "6"]
[EventCountry "BEL"]
[SourceTitle "CB08_2024"]
[SourceDate "2024.02.21"]
[SourceVersion "1"]
[SourceVersionDate "2024.02.21"]
[SourceQuality "1"]

1. d4 Nf6 2. Nf3 e6 3. c4 c5 4. e3 d5 5. cxd5 exd5 6. Nc3 a6 7. Be2 Nc6 8. a3 c4 9. Qc2 Be7 10. 0-0 Na5 11. Bd2 b5 12. e4 Nb3 13. Rad1 Bb7 14. exd5 0-0 15. Be3 Nxd5 16. Nxd5 Qxd5 17. Ne1 Rfd8 18. Bf3 Qd7 19. Be4 Bxe4 20. Qxe4 Bf6 21. Nf3 Qd5 22. Qc2 a5 23. Qc3 Rab8 24. Nd2 Nxd4 25. Qxa5 Ra8 26. Qc7 Rd7 27. Qb6 Rb7 28. Nxc4 bxc4 29. Rxd4 0-1

[Event "BEL-chT 0203"]
[Site "Belgium"]
[Date "2002.12.23"]
[Round "5.6"]
[White "Krijgelmans, Johan"]
[Black "Maes, Valeer"]
[Result "0-1"]
[WhiteElo "2174"]
[BlackElo "2154"]
[PlyCount "48"]
[EventDate "2002.10.06"]
[EventType "team"]
[EventRounds "11"]
[EventCountry "BEL"]
[SourceTitle "EXT 2004"]
[Source "ChessBase"]
[SourceDate "2003.11.25"]
[SourceVersion "1"]
[SourceVersionDate "2003.11.25"]
[SourceQuality "1"]
[WhiteTeam "Jean Jaures"]
[BlackTeam "Gent II"]
[WhiteTeamCountry "BEL"]
[BlackTeamCountry "BEL"]

1. d4 d5 2. c4 e6 3. Nc3 Nf6 4. Bg5 Be7 5. e3 0-0 6. cxd5 exd5 7. Bd3 c6 8. Qc2 Nbd7 9. Nge2 Re8 10. 0-0 Nf8 11. Rad1 Nh5 12. Bxe7 Qxe7 13. Na4 Bg4 14. Nc5 Rad8 15. b4 Rd6 16. Rd2 Rh6 17. Bf5 Bxf5 18. Qxf5 Nf6 19. Ng3 b6 20. Nd3 Ne4 21. Nxe4 dxe4 22. Ne5 f6 23. Nxc6 Qd6 24. Rc1 Qxh2+ 0-1

[Event "BEL-chT 0203"]
[Site "Belgium"]
[Date "2002.11.24"]
[Round "3.7"]
[White "Sonntag, Hans Hubert"]
[Black "Krijgelmans, Johan"]
[Result "1-0"]
[WhiteElo "2378"]
[BlackElo "2174"]
[PlyCount "68"]
[EventDate "2002.10.06"]
[EventType "team"]
[EventRounds "11"]
[EventCountry "BEL"]
[SourceTitle "EXT 2004"]
[Source "ChessBase"]
[SourceDate "2003.11.25"]
[SourceVersion "1"]
[SourceVersionDate "2003.11.25"]
[SourceQuality "1"]
[WhiteTeam "Eynatten"]
[BlackTeam "Jean Jaures"]
[WhiteTeamCountry "BEL"]
[BlackTeamCountry "BEL"]

1. d4 Nf6 2. c4 d6 3. Nc3 c6 4. e4 Qc7 5. f3 e5 6. Be3 Be7 7. Qd2 0-0 8. Nge2 a6 9. d5 cxd5 10. cxd5 b5 11. b4 Nbd7 12. Nc1 Nb6 13. Nb3 Bd7 14. Na5 Rfc8 15. Rc1 Qb8 16. Bd3 Bd8 17. a3 Nc4 18. Nxc4 bxc4 19. Be2 Bb6 20. Kf2 Nh5 21. g3 f5 22. exf5 a5 23. b5 a4 24. Bxb6 Qxb6+ 25. Qe3 Rc5 26. Bxc4 Bxf5 27. Be2 Nf6 28. Rhd1 Qb7 29. Ne4 Bxe4 30. Rxc5 dxc5 31. fxe4 c4 32. b6 Rc8 33. Rc1 Nd7 34. Rxc4 Nxb6 1-0

[Event "BEL-chT 0102"]
[Site "Belgium"]
[Date "2002.01.06"]
[Round "6"]
[White "Piceu, Tom"]
[Black "Krijgelmans, Johan"]
[Result "1-0"]
[WhiteElo "2173"]
[BlackElo "2181"]
[PlyCount "79"]
[EventDate "2001.10.14"]
[EventType "team"]
[EventRounds "11"]
[EventCountry "BEL"]
[SourceTitle "EXT 2003"]
[Source "ChessBase"]
[SourceDate "2002.11.25"]
[SourceVersion "1"]
[SourceVersionDate "2002.11.25"]
[SourceQuality "1"]

1. d4 d5 2. c4 c6 3. Nf3 Nf6 4. Nc3 dxc4 5. a4 Bf5 6. e3 e6 7. Bxc4 Bb4 8. 0-0 Nbd7 9. Nh4 Bg4 10. f3 Bh5 11. g4 Nd5 12. Ng2 Bg6 13. Qb3 a5 14. e4 N5b6 15. Be2 h5 16. Nf4 Qe7 17. Nxg6 fxg6 18. g5 0-0 19. Be3 Rf7 20. Rac1 Raf8 21. Kh1 Kh7 22. Rf2 c5 23. d5 c4 24. Qd1 Bc5 25. Bxc5 Nxc5 26. dxe6 Qxe6 27. Rf1 Rd7 28. Qe1 Nd3 29. Bxd3 Rxd3 30. Qg3 Nd7 31. Nd5 Qe5 32. Qg2 Qd4 33. Rc2 Ne5 34. f4 Ng4 35. h3 Ne3 36. Nxe3 Rxe3 37. f5 gxf5 38. exf5 Qd3 39. Rc3 Qd6 40. Rxe3 1-0

[Event "BEL-chT 0102"]
[Site "Belgium"]
[Date "2001.10.18"]
[Round "2"]
[White "Schalkx, Johnny"]
[Black "Krijgelmans, Johan"]
[Result "1/2-1/2"]
[WhiteElo "2223"]
[BlackElo "2181"]
[PlyCount "78"]
[EventDate "2001.10.14"]
[EventType "team"]
[EventRounds "11"]
[EventCountry "BEL"]
[SourceTitle "EXT 2003"]
[Source "ChessBase"]
[SourceDate "2002.11.25"]
[SourceVersion "1"]
[SourceVersionDate "2002.11.25"]
[SourceQuality "1"]

1. e4 d6 2. d4 Nf6 3. Nc3 Nbd7 4. Nf3 e5 5. Bc4 Be7 6. 0-0 0-0 7. Qe2 c6 8. a4 Qc7 9. h3 h6 10. Ba2 Rb8 11. Rd1 a6 12. Nh4 b5 13. Nf5 Nb6 14. a5 Na8 15. dxe5 dxe5 16. Qf3 Bxf5 17. Qxf5 Kh8 18. f4 b4 19. Ne2 Rb5 20. fxe5 Rxe5 21. Qf3 Qxa5 22. Bf4 Rxe4 23. Ng3 Qb6+ 24. Kh2 Rd4 25. Nf5 Rxd1 26. Rxd1 Bd8 27. Nd6 Bc7 28. Bxh6 Qb8 29. Bf4 Nd5 30. Qh5+ Kg8 31. Bxd5 cxd5 32. Qxd5 Nb6 33. Qc5 Nc8 34. g3 Nxd6 35. Bxd6 Bxd6 36. Qxd6 Qxd6 37. Rxd6 Rc8 38. c3 bxc3 39. bxc3 Rxc3 1/2-1/2

[Event "BEL-chT 0102"]
[Site "Belgium"]
[Date "2001.10.14"]
[Round "1"]
[White "Van der Burch, Arie"]
[Black "Krijgelmans, Johan"]
[Result "1/2-1/2"]
[WhiteElo "2268"]
[BlackElo "2181"]
[PlyCount "31"]
[EventDate "2001.10.14"]
[EventType "team"]
[EventRounds "11"]
[EventCountry "BEL"]
[SourceTitle "EXT 2003"]
[Source "ChessBase"]
[SourceDate "2002.11.25"]
[SourceVersion "1"]
[SourceVersionDate "2002.11.25"]
[SourceQuality "1"]

1. d4 d5 2. c4 e6 3. Nc3 Be7 4. cxd5 exd5 5. Bf4 c6 6. e3 Bf5 7. g4 Bg6 8. h4 Qb6 9. a3 h5 10. Na4 Qd8 11. g5 Bd6 12. Ne2 Ne7 13. Bg2 Na6 14. Bxd6 Qxd6 15. Nf4 Nc7 16. Bf3 1/2-1/2

[Event "BEL-chT 0001"]
[Site "Belgium"]
[Date "2001.02.04"]
[Round "8"]
[White "Krijgelmans, Johan"]
[Black "Thoeng, Paulus"]
[Result "0-1"]
[WhiteElo "2193"]
[BlackElo "2255"]
[PlyCount "72"]
[EventDate "2000.11.18"]
[EventType "team"]
[EventRounds "13"]
[EventCountry "BEL"]
[SourceTitle "CBM 081 Extra"]
[Source "ChessBase"]
[SourceDate "2001.05.06"]
[SourceVersion "1"]
[SourceVersionDate "2001.05.06"]
[SourceQuality "1"]

1. d4 Nf6 2. c4 e6 3. Nc3 Bb4 4. Nf3 c5 5. e3 0-0 6. Bd3 d5 7. 0-0 dxc4 8. Bxc4 Bd7 9. Qe2 Bc6 10. a3 Ba5 11. Rd1 Qe7 12. Bd2 Bb6 13. dxc5 Qxc5 14. e4 Ng4 15. Be1 Ne5 16. Ba2 Ng6 17. Nd4 Qe5 18. Nxc6 Nxc6 19. Qg4 Qf6 20. Qg3 h5 21. Qf3 Qxf3 22. gxf3 Nce5 23. Na4 Nxf3+ 24. Kf1 Nxh2+ 25. Kg2 Ng4 26. Nxb6 axb6 27. Rd6 Ra6 28. Bc3 Rc8 29. Rd7 Ra7 30. Rad1 N6e5 31. Rd8+ Rxd8 32. Rxd8+ Kh7 33. Rd6 Ra6 34. Bd2 b5 35. Rd8 b4 36. Bxb4 Nc6 0-1

[Event "BEL-chT 0001"]
[Site "Belgium"]
[Date "2000.12.17"]
[Round "5"]
[White "Henris, Luc"]
[Black "Krijgelmans, Johan"]
[Result "1-0"]
[WhiteElo "2262"]
[BlackElo "2193"]
[PlyCount "109"]
[EventDate "2000.11.18"]
[EventType "team"]
[EventRounds "13"]
[EventCountry "BEL"]
[SourceTitle "CBM 081 Extra"]
[Source "ChessBase"]
[SourceDate "2001.05.06"]
[SourceVersion "1"]
[SourceVersionDate "2001.05.06"]
[SourceQuality "1"]

1. e4 c6 2. d4 d5 3. f3 g6 4. Nc3 Bg7 5. Be3 Qb6 6. Qd2 dxe4 7. fxe4 Nf6 8. 0-0-0 Ng4 9. Bg5 f6 10. Bf4 e5 11. dxe5 fxe5 12. Bg5 0-0 13. Bc4+ Kh8 14. Nf3 Nf2 15. Na4 Nxe4 16. Qe1 Qc7 17. Qxe4 b5 18. Rhe1 bxc4 19. Nxe5 Bf5 20. Qe3 Na6 21. Be7 Qa5 22. Nc3 Rfe8 23. Nf7+ Kg8 24. Nh6+ Kh8 25. Nxf5 gxf5 26. Qf3 Nb4 27. Bxb4 Qxb4 28. Rxe8+ Rxe8 29. Qxc6 Rb8 30. Na4 c3 31. b3 Qf4+ 32. Kb1 Qg4 33. Qd6 Re8 34. Qd7 Rb8 35. Nc5 Qb4 36. Ne6 Bf6 37. Qd6 Qxd6 38. Rxd6 Re8 39. a4 Be5 40. Ra6 Bxh2 41. Nd4 Bg1 42. Nxf5 Rg8 43. Rc6 h5 44. Rxc3 Rxg2 45. Rh3 Kh7 46. Ng3 Bh2 47. Nxh5 Rg1+ 48. Ka2 Be5 49. b4 Kg6 50. a5 Kg5 51. Kb3 Rb1+ 52. Kc4 Kg4 53. Re3 Bd6 54. Nf6+ Kf4 55. Nd5+ 1-0

[Event "BEL-chT 9900"]
[Site "Antwerp"]
[Date "2000.03.19"]
[Round "11"]
[White "Deleyn, Gunter"]
[Black "Krijgelmans, Johan"]
[Result "1/2-1/2"]
[WhiteElo "2182"]
[BlackElo "2223"]
[PlyCount "108"]
[EventDate "1999.10.08"]
[EventType "team"]
[EventRounds "11"]
[EventCountry "BEL"]
[SourceTitle "CBM 075 Extra"]
[Source "ChessBase"]
[SourceDate "2000.05.11"]
[SourceVersion "2"]
[SourceVersionDate "2000.05.11"]
[SourceQuality "1"]

1. c4 c6 2. b3 d5 3. e3 Bf5 4. Nf3 e6 5. Bb2 h6 6. Be2 Nf6 7. 0-0 Nbd7 8. d3 Qb8 9. Nbd2 Bh7 10. Qc2 Bd6 11. Rfe1 0-0 12. Bf1 a5 13. g3 e5 14. e4 dxe4 15. dxe4 Bc5 16. Bh3 Qa7 17. Re2 Rfe8 18. Rd1 Bg6 19. Nf1 Re7 20. Kg2 Bh5 21. Ne3 Bxe3 22. Rxe3 Nc5 23. Rde1 Nfd7 24. g4 Bg6 25. g5 hxg5 26. Nxg5 f6 27. Nf3 Ne6 28. Bxe6+ Rxe6 29. Nh4 Nf8 30. Rg3 Bh7 31. Rd1 Re7 32. Ba3 c5 33. Nf5 Bxf5 34. exf5 b6 35. Qe4 Qb7 36. Rd5 Rd8 37. Rgd3 Red7 38. Bc1 Rxd5 39. cxd5 Rd7 40. f4 exf4 41. Bxf4 Re7 42. Qf3 Nd7 43. Kf2 Ne5 44. Bxe5 Rxe5 45. d6 Qd7 46. Rd5 Kf8 47. Kg3 b5 48. Qd3 c4 49. bxc4 bxc4 50. Qf3 c3 51. Rxe5 fxe5 52. Qxc3 Qxd6 53. Qxa5 Qd3+ 54. Kg2 Qe4+ 1/2-1/2

[Event "BEL-chT 9900"]
[Site "Antwerp"]
[Date "2000.02.20"]
[Round "10"]
[White "Lane, Gary William"]
[Black "Krijgelmans, Johan"]
[Result "1-0"]
[WhiteElo "2409"]
[BlackElo "2223"]
[PlyCount "77"]
[EventDate "1999.10.08"]
[EventType "team"]
[EventRounds "11"]
[EventCountry "BEL"]
[SourceTitle "CBM 075 Extra"]
[Source "ChessBase"]
[SourceDate "2000.05.11"]
[SourceVersion "2"]
[SourceVersionDate "2000.05.11"]
[SourceQuality "1"]

1. e4 c5 2. Nc3 e6 3. Nf3 Nc6 4. d4 cxd4 5. Nxd4 Nf6 6. Ndb5 Bb4 7. a3 Bxc3+ 8. Nxc3 d5 9. exd5 exd5 10. Bd3 0-0 11. 0-0 h6 12. Bf4 Bg4 13. Qd2 Re8 14. h3 Bh5 15. Rfe1 a6 16. Rxe8+ Qxe8 17. Re1 Qd7 18. Na4 Re8 19. Nc5 Rxe1+ 20. Qxe1 Qc8 21. Qc3 d4 22. Qe1 Bg6 23. Qe2 Bxd3 24. Qxd3 Nd5 25. Bg3 Nf6 26. b4 Nd5 27. Kh2 Nc3 28. Qf3 Nb5 29. Bf4 Nc7 30. Qg3 Ne8 31. Bxh6 b6 32. Nd3 Nd8 33. Ne1 Qe6 34. Bd2 Qe2 35. Nf3 Ne6 36. Qb8 Kf8 37. Qxb6 Qxf2 38. Qxa6 Nf6 39. b5 1-0

[Event "BEL-chT 9900"]
[Site "Antwerp"]
[Date "2000.02.06"]
[Round "9"]
[White "Craps, Ben"]
[Black "Krijgelmans, Johan"]
[Result "1-0"]
[WhiteElo "2218"]
[BlackElo "2223"]
[PlyCount "61"]
[EventDate "1999.10.08"]
[EventType "team"]
[EventRounds "11"]
[EventCountry "BEL"]
[SourceTitle "CBM 075 Extra"]
[Source "ChessBase"]
[SourceDate "2000.05.11"]
[SourceVersion "2"]
[SourceVersionDate "2000.05.11"]
[SourceQuality "1"]

1. Nf3 d5 2. g3 c6 3. Bg2 Bg4 4. 0-0 e6 5. d3 Nd7 6. Nbd2 Bc5 7. a3 a5 8. b3 Ne7 9. Bb2 f6 10. c4 0-0 11. Bc3 Bd6 12. e4 Nc5 13. Qc2 dxe4 14. dxe4 e5 15. b4 Ne6 16. c5 Bc7 17. Qb3 Kh8 18. h3 Bxf3 19. Nxf3 Qc8 20. h4 Nd8 21. Rad1 axb4 22. axb4 b6 23. Kh2 bxc5 24. bxc5 Ng8 25. Bh3 Qa6 26. Rd7 Qe2 27. Ng1 Qxe4 28. Rxc7 h5 29. Qb1 Qc4 30. Qg6 Rf7 31. Bf5 1-0

[Event "BEL-chT 9900"]
[Site "Antwerp"]
[Date "1999.12.??"]
[Round "6"]
[White "Krijgelmans, Johan"]
[Black "Van Herck, Marcel"]
[Result "1/2-1/2"]
[WhiteElo "2223"]
[BlackElo "2191"]
[PlyCount "135"]
[EventDate "1999.10.08"]
[EventType "team"]
[EventRounds "11"]
[EventCountry "BEL"]
[SourceTitle "CBM 075 Extra"]
[Source "ChessBase"]
[SourceDate "2000.05.11"]
[SourceVersion "2"]
[SourceVersionDate "2000.05.11"]
[SourceQuality "1"]

1. d4 Nf6 2. c4 g6 3. Nc3 d5 4. Nf3 Bg7 5. Bg5 Ne4 6. cxd5 Nxg5 7. Nxg5 e6 8. Qd2 exd5 9. Qe3+ Kf8 10. Qf4 Bf6 11. h4 c6 12. e4 h6 13. Nxf7 Kxf7 14. e5 Kg7 15. exf6+ Qxf6 16. Qc7+ Nd7 17. 0-0-0 Rf8 18. g3 Qxf2 19. h5 Rf7 20. hxg6 Kxg6 21. Bd3+ Kg7 22. Rhf1 Qe3+ 23. Kc2 Nf6 24. Qd8 Qe7 25. Qa5 b6 26. Qa4 a5 27. Qxc6 Bb7 28. Qxb6 Rc8 29. Rde1 Qd7 30. Bf5 Qa4+ 31. Kb1 Rxc3 32. bxc3 Bc6 33. Bc8 Bb5 34. Rf2 Bd3+ 35. Ka1 Qa3 36. Qb3 Qf8 37. Be6 Re7 38. Qd1 Be4 39. Bh3 Rc7 40. Qd2 Qa3 41. Qb2 Qxc3 42. Ref1 Ne8 43. Bf5 Nd6 44. Bxe4 dxe4 45. Rf6 Qxb2+ 46. Kxb2 Nc4+ 47. Ka1 Ne3 48. R1f4 Nd5 49. Re6 Nxf4 50. gxf4 Rd7 51. Rxe4 Kf6 52. Kb2 Kf5 53. Re5+ Kxf4 54. Kc3 Rh7 55. Rxa5 h5 56. Re5 h4 57. Re1 h3 58. d5 h2 59. Rh1 Kg3 60. Kd4 Kg2 61. Rxh2+ Rxh2 62. d6 Kf3 63. Ke5 Rxa2 64. d7 Ra8 65. Ke6 Ke4 66. Ke7 Ra7 67. Ke8 Ra8+ 68. d8Q 1/2-1/2

[Event "BEL-chT 9900"]
[Site "Antwerp"]
[Date "1999.10.??"]
[Round "2"]
[White "Krijgelmans, Johan"]
[Black "Schalkx, Johnny"]
[Result "1/2-1/2"]
[WhiteElo "2270"]
[BlackElo "2271"]
[PlyCount "85"]
[EventDate "1999.10.08"]
[EventType "team"]
[EventRounds "11"]
[EventCountry "BEL"]
[SourceTitle "CBM 073 Extra"]
[Source "ChessBase"]
[SourceDate "2000.01.11"]
[SourceVersion "1"]
[SourceVersionDate "2000.01.11"]
[SourceQuality "1"]

1. d4 g6 2. c4 Bg7 3. e4 d6 4. Nf3 Bg4 5. Be2 Nc6 6. Ng1 Bd7 7. Nf3 e5 8. Bg5 f6 9. Be3 Bg4 10. d5 Nce7 11. Nfd2 Bd7 12. g4 Bh6 13. Nf1 c5 14. dxc6 Bxc6 15. Nc3 f5 16. f3 Bxe3 17. Nxe3 Nf6 18. Ned5 Bxd5 19. cxd5 Qb6 20. Qa4+ Kf7 21. 0-0-0 Rhc8 22. Rd3 Qf2 23. Kd2 a6 24. exf5 gxf5 25. gxf5 Qg2 26. Qd1 Qg5+ 27. Kc2 Qxf5 28. Kb1 Ng6 29. Ne4 Nxe4 30. fxe4 Qxe4 31. Bf3 Qh4 32. Bh5 Kg7 33. Rg1 Rc4 34. Bxg6 hxg6 35. Rdg3 Qe4+ 36. Ka1 Rac8 37. Qb1 Rc2 38. Rg4 Qd3 39. R4g3 Qd2 40. Rxg6+ Kh8 41. R1g5 Qxh2 42. Qxc2 Rxc2 43. Rg8+ 1/2-1/2

[Event "BEL-chT 9899"]
[Site "Antwerp"]
[Date "1999.02.??"]
[Round "7"]
[White "Krijgelmans, Johan"]
[Black "Moingt, Jean Claude"]
[Result "0-1"]
[WhiteElo "2270"]
[BlackElo "2290"]
[PlyCount "82"]
[EventDate "1998.10.??"]
[EventType "team"]
[EventRounds "11"]
[EventCountry "BEL"]
[SourceTitle "EXT 2000"]
[Source "ChessBase"]
[SourceDate "1999.11.16"]
[SourceVersion "1"]
[SourceVersionDate "1999.11.16"]
[SourceQuality "1"]

1. d4 Nf6 2. c4 c5 3. d5 b5 4. Nf3 g6 5. Qc2 bxc4 6. e4 d6 7. Bxc4 Bg7 8. 0-0 0-0 9. h3 Nbd7 10. Rd1 Nb6 11. Bf1 Bb7 12. a4 e6 13. a5 exd5 14. axb6 dxe4 15. Ne5 axb6 16. Rxa8 Bxa8 17. Na3 Qb8 18. Ng4 Nxg4 19. hxg4 d5 20. Qb3 Re8 21. Nb5 h6 22. Nc3 d4 23. Bc4 Re7 24. Nd5 Rb7 25. Nf4 b5 26. Bd5 c4 27. Qb4 Rb6 28. Qc5 Ra6 29. Bxa8 Rxa8 30. Qd5 Ra1 31. Qxe4 d3 32. Re1 Kh7 33. g3 Qd6 34. Qe3 Qd7 35. Kg2 Qxg4 36. Nd5 Qd7 37. Rh1 Qxd5+ 38. f3 h5 39. g4 d2 40. Bxd2 Rxh1 41. Kxh1 hxg4 0-1

[Event "BEL-chT 9899"]
[Site "Antwerp"]
[Date "1998.12.20"]
[Round "5"]
[White "Winants, Luc"]
[Black "Krijgelmans, Johan"]
[Result "1-0"]
[WhiteElo "2480"]
[BlackElo "2270"]
[PlyCount "67"]
[EventDate "1998.10.??"]
[EventType "team"]
[EventRounds "11"]
[EventCountry "BEL"]
[SourceTitle "EXT 2000"]
[Source "ChessBase"]
[SourceDate "1999.11.16"]
[SourceVersion "1"]
[SourceVersionDate "1999.11.16"]
[SourceQuality "1"]

1. d4 d5 2. Bg5 c6 3. Nf3 Qb6 4. b3 Bf5 5. e3 e6 6. Bd3 Bxd3 7. Qxd3 Qa6 8. c4 Bb4+ 9. Nbd2 Nd7 10. 0-0 Ngf6 11. a3 Bxd2 12. Nxd2 h6 13. Bh4 0-0 14. Qc2 Rac8 15. b4 Rfe8 16. Rfd1 e5 17. dxe5 Rxe5 18. cxd5 Rxd5 19. Nc4 Re8 20. Rxd5 cxd5 21. Na5 Qb6 22. Rd1 d4 23. exd4 Qxd4 24. Bg3 Nf8 25. h3 Qe4 26. Qxe4 Nxe4 27. Nxb7 Nxg3 28. fxg3 Re3 29. a4 Rxg3 30. Rd8 g6 31. Nc5 Kg7 32. Ra8 Rc3 33. Rxa7 Rc4 34. Rb7 1-0

[Event "BEL-chT 9899"]
[Site "Antwerp"]
[Date "1998.11.22"]
[Round "3"]
[White "Krijgelmans, Johan"]
[Black "Van Mechelen, Jan"]
[Result "0-1"]
[WhiteElo "2270"]
[BlackElo "2280"]
[PlyCount "86"]
[EventDate "1998.10.??"]
[EventType "team"]
[EventRounds "11"]
[EventCountry "BEL"]
[SourceTitle "EXT 2000"]
[Source "ChessBase"]
[SourceDate "1999.11.16"]
[SourceVersion "1"]
[SourceVersionDate "1999.11.16"]
[SourceQuality "1"]

1. d4 Nf6 2. c4 g6 3. Nc3 Bg7 4. e4 d6 5. Nf3 0-0 6. Be2 Bg4 7. Be3 Nfd7 8. Ng1 Bxe2 9. Ngxe2 a6 10. 0-0 c5 11. h3 cxd4 12. Nxd4 Nc6 13. Nde2 Rc8 14. Rc1 Qa5 15. Qd5 Nc5 16. a3 Nb3 17. Rcd1 e6 18. Qxa5 Ncxa5 19. Rxd6 Nxc4 20. Rd7 b5 21. Ra7 Ra8 22. Rd1 Nxe3 23. Rxa8 Nxd1 24. Rxf8+ Kxf8 25. Nxd1 Nd2 26. Nec3 Nc4 27. a4 Nxb2 28. axb5 axb5 29. Nxb2 Bxc3 30. Nd3 Ke7 31. Kf1 Kd6 32. Ke2 f5 33. f3 fxe4 34. fxe4 b4 35. Nc1 Ke5 36. Ke3 Bd4+ 37. Kf3 Bc5 38. Nb3 Bb6 39. h4 h6 40. g4 g5 41. h5 Ba7 42. Na5 Kd4 43. e5 Kc3 0-1

[Event "BEL-chT 9798"]
[Site "Antwerp"]
[Date "1998.??.??"]
[Round "9"]
[White "De Wit, Dick"]
[Black "Krijgelmans, Johan"]
[Result "1/2-1/2"]
[WhiteElo "2335"]
[BlackElo "2270"]
[PlyCount "45"]
[EventDate "1997.??.??"]
[EventType "team"]
[EventRounds "11"]
[EventCountry "BEL"]
[SourceTitle "EXT 1999"]
[Source "ChessBase"]
[SourceDate "1998.11.16"]
[SourceVersion "1"]
[SourceVersionDate "1998.11.16"]
[SourceQuality "1"]

1. e4 e5 2. Nf3 Nf6 3. d4 Nxe4 4. Bd3 d5 5. Nxe5 Nd7 6. Nxd7 Bxd7 7. 0-0 Qh4 8. c4 0-0-0 9. c5 g5 10. Nc3 Rg8 11. f3 Nxc5 12. dxc5 Bxc5+ 13. Kh1 Bd6 14. f4 gxf4 15. Qe1 Qg4 16. Qe2 Qh4 17. Qf2 Rg3 18. Qxa7 c6 19. Qa8+ Kc7 20. Qa5+ Kc8 21. Qa8+ Kc7 22. Qa5+ Kc8 23. Qa8+ 1/2-1/2

[Event "BEL-chT 9798"]
[Site "Antwerp"]
[Date "1997.??.??"]
[Round "3"]
[White "Krijgelmans, Johan"]
[Black "Ahn, Martin"]
[Result "1/2-1/2"]
[WhiteElo "2270"]
[BlackElo "2310"]
[PlyCount "57"]
[EventDate "1997.??.??"]
[EventType "team"]
[EventRounds "11"]
[EventCountry "BEL"]
[SourceTitle "EXT 1999"]
[Source "ChessBase"]
[SourceDate "1998.11.16"]
[SourceVersion "1"]
[SourceVersionDate "1998.11.16"]
[SourceQuality "1"]

1. d4 Nf6 2. c4 g6 3. Nc3 Bg7 4. e4 d6 5. Nf3 0-0 6. Be2 e5 7. d5 Na6 8. Bg5 h6 9. Bh4 g5 10. Bg3 Nxe4 11. Nxe4 f5 12. Nfd2 fxe4 13. Nxe4 Bf5 14. Bd3 g4 15. Qe2 h5 16. h3 gxh3 17. Qxh5 hxg2 18. Rg1 Qe8 19. Qxe8 Raxe8 20. Rxg2 Nb4 21. Bb1 a5 22. a3 Na6 23. Bc2 Nc5 24. Nxc5 Bxc2 25. Ne6 Rf7 26. Bh4 Bf5 27. Nxg7 Rxg7 28. Rxg7+ Kxg7 29. Kd2 1/2-1/2

[Event "BEL-chT 9798"]
[Site "Antwerp"]
[Date "1997.??.??"]
[Round "5"]
[White "Krijgelmans, Johan"]
[Black "Philippe, Christophe"]
[Result "1/2-1/2"]
[WhiteElo "2270"]
[BlackElo "2235"]
[PlyCount "93"]
[EventDate "1997.??.??"]
[EventType "team"]
[EventRounds "11"]
[EventCountry "BEL"]
[SourceTitle "EXT 1999"]
[Source "ChessBase"]
[SourceDate "1998.11.16"]
[SourceVersion "1"]
[SourceVersionDate "1998.11.16"]
[SourceQuality "1"]

1. d4 Nf6 2. c4 c5 3. d5 b5 4. Nf3 Bb7 5. a4 bxc4 6. Nc3 g6 7. e4 d6 8. Bxc4 Nbd7 9. a5 Bg7 10. h3 0-0 11. 0-0 Ne8 12. Bf4 Nc7 13. Qd2 Ba6 14. b3 Rb8 15. Bh6 f6 16. Ne2 Rb4 17. Bxg7 Kxg7 18. Ned4 Bxc4 19. bxc4 Nb8 20. Qc3 Qc8 21. Nc2 Rb7 22. Nh4 Nd7 23. Ne3 Na6 24. f4 Qb8 25. Ra3 Rb1 26. Nf3 Rxf1+ 27. Nxf1 Qb4 28. Ng5 Rb8 29. Ne6+ Kg8 30. Qc1 Qb1 31. Qxb1 Rxb1 32. Kf2 Nb4 33. Ne3 Nb8 34. Nc7 Rc1 35. Kf3 Kf7 36. a6 h5 37. g4 h4 38. g5 fxg5 39. fxg5 Nd7 40. Nb5 Ne5+ 41. Kg2 Ned3 42. Ng4 Nf4+ 43. Kh2 Rc2+ 44. Kh1 Rc1+ 45. Kh2 Rc2+ 46. Kh1 Rc1+ 47. Kh2 1/2-1/2

[Event "BEL-chT 9798"]
[Site "Antwerp"]
[Date "1997.??.??"]
[Round "2"]
[White "Mohandesi, Shahin"]
[Black "Krijgelmans, Johan"]
[Result "1/2-1/2"]
[WhiteElo "2285"]
[BlackElo "2270"]
[PlyCount "120"]
[EventDate "1997.??.??"]
[EventType "team"]
[EventRounds "11"]
[EventCountry "BEL"]
[SourceTitle "EXT 1999"]
[Source "ChessBase"]
[SourceDate "1998.11.16"]
[SourceVersion "1"]
[SourceVersionDate "1998.11.16"]
[SourceQuality "1"]

1. Nf3 d5 2. c4 d4 3. e3 Nc6 4. b4 Bg4 5. Qa4 dxe3 6. fxe3 Bxf3 7. gxf3 e6 8. Bb2 Qh4+ 9. Kd1 Qf2 10. Be2 Qg2 11. Rf1 Bxb4 12. Ba3 Bxa3 13. Nxa3 Nge7 14. Rb1 Rb8 15. d4 0-0 16. Kd2 Nf5 17. Nc2 Nh4 18. Qb5 g6 19. f4 a6 20. Qg5 Qxg5 21. fxg5 e5 22. Bd3 Rfd8 23. Kc3 Rd7 24. Be4 exd4+ 25. exd4 Rbd8 26. Rf4 Nf5 27. Bxf5 gxf5 28. Rxb7 Ne7 29. Ra7 c5 30. Rxa6 cxd4+ 31. Rxd4 Ng6 32. Rxd7 Rxd7 33. Ne3 f4 34. Ra8+ Nf8 35. Nd5 Kg7 36. Nxf4 Rd1 37. Nh5+ Kg8 38. h4 Rh1 39. Nf6+ Kg7 40. h5 Rc1+ 41. Kb2 Rxc4 42. h6+ Kg6 43. Rxf8 Kxg5 44. Nxh7+ Kg6 45. Nf6 Kxh6 46. Rxf7 Kg6 47. Rf8 Kg7 48. Nd7 Rd4 49. Rd8 Rd5 50. a4 Kf7 51. Rh8 Rxd7 52. Kb3 Ke7 53. Kb4 Kd6 54. Rc8 Rc7 55. Rb8 Kc6 56. Rb5 Rb7 57. Ka5 Ra7+ 58. Kb4 Rb7 59. Kc4 Rxb5 60. axb5+ Kb6 1/2-1/2

[Event "Geraardsbergen op"]
[Site "Geraardsbergen"]
[Date "1993.??.??"]
[Round "5"]
[White "Sepp, Olav"]
[Black "Krijgelmans, Johan"]
[Result "1-0"]
[WhiteElo "2390"]
[BlackElo "2205"]
[PlyCount "53"]
[EventDate "1993.??.??"]
[EventType "swiss"]
[EventRounds "7"]
[EventCountry "BEL"]
[SourceTitle "EXT 2006"]
[Source "ChessBase"]
[SourceDate "2005.11.24"]
[SourceVersion "1"]
[SourceVersionDate "2005.11.24"]
[SourceQuality "1"]

1. e4 d5 2. exd5 Nf6 3. Nf3 Nxd5 4. d4 g6 5. c4 Nb6 6. Nc3 Bg7 7. Be3 0-0 8. Be2 Nc6 9. d5 Na5 10. Bd4 c5 11. Bxg7 Kxg7 12. b3 e6 13. Qd2 exd5 14. cxd5 Bg4 15. 0-0 Bxf3 16. Bxf3 Nc6 17. Qb2 Ne5 18. Be2 Qf6 19. f4 Ned7 20. Rad1 Rfe8 21. Qc1 Re7 22. Bf3 Rae8 23. Nb5 Rb8 24. Nc7 Nc8 25. d6 Re6 26. Bg4 Rxd6 27. Ne8+ 1-0